Регионална библиотека "Любен Каравелов" - Русе

Ich will nicht nur, dass ihr mich liebt [DVD видео] (Запис номер 222844)

MARC детайли
000 -Лидер
Лидер 01501ngm a2200373 a 4500
003 - Код на организацията, давaща контролен номер
Код на организацията, даваща контролен номер BLK
005 - Дата и час на последна редакция
Дата и час на последна редакция 20240612102435.0
008 - Елементи от данни с фиксирана дължина
Елементи с фиксирана дължина 180410b bul||n||s|||||||| mlbulo|
010 ## - Наследен системен номер
LC control number CDD00004806000
040 ## - Източник на каталожния запис
Код на библиотеката BLK
041 ## - Код за език
Език Немски
Език за КДБФ Немски
080 ## - УДК
УДК текст Художествени филмови жанрове
УДК код 791.221/.228
УДК – определител (430)(092)
УДК – код + определител 791.221/.228(430)(092)
080 ## - УДК
УДК код 929 Фасбиндер, Райнер Вернер
УДК – код + определител 929 Фасбиндер, Райнер Вернер
245 10 - Сведения за заглавието
Заглавие Ich will nicht nur, dass ihr mich liebt [DVD видео]
Подзаглавни данни Rainer Werner Fassbinder : Filmemacher : Dokumentarfilm
Авторска отговорност drehbuchaut. und reg. Hans Gunther Pflaum.
257 ## - Страна на издаване
Страна на създаване/издаване Германия
260 ## - Област на издателските данни
Име на издателя Goethe Inst.
Година на издаване s.a.
Дата на отпечатване 1992
Място на издаване Munchen
300 ## - Физическа характеристика
Брой дискове, общо времетраене 1 DVD
Други физически данни PAL : цв.
Размер 12 см
380 ## - Жанр
Жанр Изкуство
490 ## - СЕРИИ (Колекции)
Серия Fassbinder-Edition
600 14 - Име на лице, използвано като предмет
За него / За нея Фасбиндер, Райнер Вернер
9 (RLIN) 133500
650 #4 - Допълнително описание по предмет – тема
Предметна рубрика Кинорежисьори, немски - биографии
9 (RLIN) 276133
650 #4 - Допълнително описание по предмет – тема
Предметна рубрика Фасбиндер, Райнер Вернер - биографии
9 (RLIN) 175181
653 ## - Ключова дума – ненормативна
Ключови думи Райнер Вернер Фасбиндер
653 ## - Ключова дума – ненормативна
Ключови думи немски кинорежисьори
700 1# - Други автори (авторска отговорност)
Друг автор Pflaum, Hans Gunther
Авт. отговорност на др. автор drehbuchaut. und reg.
9 (RLIN) 354843
760 1# - Описание на основната серия
Заглавие
852 ## - Местоположение
Сигнатура (форматна) Цб CD 2824
Част 0
856 4# - Електронен адрес и достъп
Електронен формат pdf - файл
Път до файла (ресурса)
856 4# - Електронен адрес и достъп
Електронен формат pdf - файл
Път до файла (ресурса)
942 ## - АРТИКУЛИ
Вид на библиотечния документ Компактдискове
Скрит в OPAC Не
944 ## - СЪЗДАВАНЕ И РЕДАКЦИЯ на ЗАПИСА
Създаване/Редакция Създаване
Дата на регистрацията/редакция 13.05.2011
Служител, извършил регистрацията/редакцията 30542
Номер на служител Русанова Ирена
999 ## - СИСТЕМНИ КОНТРОЛНИ НОМЕРА
Koha biblionumber 222844
Koha biblioitemnumber 222844
999 ## - СИСТЕМНИ КОНТРОЛНИ НОМЕРА
Koha biblioitemnumber 222844
Наличности
Код за отписване Код за изгубен артикул Източник на класификационната схема Код за повреда Коз за рестрикции Код за отдаване Артикулен № Име на библиотеката - собственик Име на библиотеката, в която се намира в момента Статус (Текущо местоположение) Дата на вписване в системата Местоположение - отдел Цена в лева Инвентарен номер Систематично азбучна сигнатура Баркод Номер на екземпляра Цена в евро Служебна бележка Служебен тип на артикула
  Не е изгубен Universal Decimal Classification Не е повреден без рестрикции заемане за дома 394853 Регионална библиотека "Любен Каравелов" Русе Регионална библиотека "Любен Каравелов" Русе Отдел Изкуство - подръчен фонд 2000-01-01 Отдел Изкуство - подръчен фонд 15.00 120000906711 791.221/.228/F 26 120000906711 1 7.67 Дост: DA Вид: А N: стар фонд Дата: 01.01.2000 Съставил: Теодора_Стоянова Компактдискове
Vip Innovations Ltd, Rousse, Bulgaria 2025